000 00364pam a2200145a 44500
008 230405s xxu||||| |||| 00| 0 eng d
041 _aENG
100 _aBECKETT / STENLAKE
245 _aPRACTICAL PHARMACEUTICAL CHEMISTRY I
250 _a4 0
260 _aNEW DELHI
_bCBS PUBLISHERS DELHI
_c
300 _a326
650 _aPHARMACEUTICAL CHEMISTRY
906 _a62
999 _c275333
_d275333